000 00419 a2200157 4500
001 150688
040 _cEscola São Tomás de Aquino
100 _aMURRAY, Roseana
240 1 0 _aManual da delicadeza de A a Z
_lpor
245 1 0 _aManual da delicadeza de A a Z
300 _a31
362 0 _a2001
440 1 _aFTD
697 _aSistemas de escrita (alfabeto, Braille, abreviaturas, pontuação, etc.)
942 _cBK
999 _c150688
_d150688